| Tag |
First Indicator |
Second Indicator |
Subfields |
| LEADER |
00000cam a2200000 a 4500 |
| 001 |
in00001753663 |
| 005 |
20160315104358.0 |
| 008 |
020716s2003 nmu s000 1 eng |
| 010 |
|
|
|a 2002011203
|
| 020 |
|
|
|a 0826329314 (cloth : alk. paper)
|
| 035 |
|
|
|a (OCoLC)ocm50204114
|
| 040 |
|
|
|a DLC
|c DLC
|d OCLCQ
|d C#P
|d TXA
|d UtOrBLW
|
| 043 |
|
|
|a n-us-ca
|
| 049 |
|
|
|a TXAM
|
| 050 |
0 |
0 |
|a PS3569.O72
|b A83 2003
|
| 082 |
0 |
0 |
|a 813/.54
|2 21
|
| 100 |
1 |
|
|a Soto, Gary.
|
| 245 |
1 |
0 |
|a Amnesia in a Republican county :
|b a novel /
|c by Gary Soto.
|
| 250 |
|
|
|a 1st ed.
|
| 264 |
|
1 |
|a Albuquerque :
|b University of New Mexico Press,
|c [2003]
|
| 264 |
|
4 |
|c ©2003
|
| 300 |
|
|
|a 200 pages ;
|c 22 cm.
|
| 336 |
|
|
|a text
|b txt
|2 rdacontent
|
| 337 |
|
|
|a unmediated
|b n
|2 rdamedia
|
| 338 |
|
|
|a volume
|b nc
|2 rdacarrier
|
| 650 |
|
0 |
|a Mexican American poets
|v Fiction.
|
| 650 |
|
0 |
|a College teachers
|v Fiction.
|
| 651 |
|
0 |
|a California
|v Fiction.
|
| 650 |
|
0 |
|a Amnesia
|v Fiction.
|
| 655 |
|
0 |
|a Psychological fiction.
|
| 655 |
|
7 |
|a Humorous fiction.
|2 gsafd
|
| 655 |
|
0 |
|a College stories.
|
| 994 |
|
|
|a E0
|b TXA
|
| 948 |
|
|
|a cataloged
|b h
|c 2003/5/13
|d c
|e jlanham
|f 11:11:41 am
|
| 999 |
|
|
|a MARS
|
| 999 |
f |
f |
|s a5dea6fd-8df0-36ae-a9c4-f49cfd7f49c1
|i 8524e15a-e6e1-37c4-b407-c13cdc9e6b7d
|t 0
|
| 952 |
f |
f |
|p ric
|a Texas A&M University
|b Rellis Campus
|c Joint Library Facility
|d Remote Storage
|t 0
|e PS3569.O72 A83 2003
|h Library of Congress classification
|i unmediated -- volume
|m A14830002990
|
| 998 |
f |
f |
|a PS3569.O72 A83 2003
|t 0
|l Remote Storage
|